| 000 | 00277nam a2200109Ia 4500 | ||
|---|---|---|---|
| 008 | 220713s9999 xx 000 0 und d | ||
| 020 | _a0 7737 2635 7 | ||
| 082 | _aJ 720 VISU | ||
| 100 | _aNo Author, editors only | ||
| 245 | 4 | _aThe Visual dictionary of buildings | |
| 942 |
_cBK _w561 _xJohn Tresidder _y561 _zJohn Tresidder |
||
| 999 |
_c707297 _d707296 |
||